Chemistry for protection of the environment, 1985 : proceedings of the fifth international conference, Leuven, Belgium, 9-13 September 1985 /

Bibliographic Details
Corporate Author: United States. Environmental Protection Agency
Other Authors: Pawłowski, Łucjan, Alaerts, G. (Guy), Lacy, W. J. (William J.)
Format: Book
Language:English
Published: Amsterdam ; New York : Elsevier, 1986.
Series:Studies in environmental science ; 29.
Subjects:

MARC

Tag First Indicator Second Indicator Subfields
LEADER 00000pam a2200000 a 4500
001 in00000445513
005 20151012070012.0
008 860905s1986 ne a b 10100 eng
010 |a  86023969  
020 |a 0444427155 :  |c fl 450.00 (est.) 
035 |a (OCoLC)14242366 
035 |9 ABW4879AM 
040 |a DLC  |c DLC  |d TXA  |d UtOrBLW 
049 |a TXAM  |c [A09639455] 
050 0 0 |a TD193  |b .C48 1986 
082 0 |a 628.5  |2 19 
245 0 0 |a Chemistry for protection of the environment, 1985 :  |b proceedings of the fifth international conference, Leuven, Belgium, 9-13 September 1985 /  |c edited by L. Pawlowski, G. Alaerts, W.J. Lacy. 
264 1 |a Amsterdam ;  |a New York :  |b Elsevier,  |c 1986. 
300 |a xii, 796 pages :  |b illustrations ;  |c 25 cm. 
336 |a text  |b txt  |2 rdacontent 
337 |a unmediated  |b n  |2 rdamedia 
338 |a volume  |b nc  |2 rdacarrier 
490 1 |a Studies in environmental science ;  |v 29 
500 |a Conference sponsored by the United States Enviornmental Protection Agency ... [et a.]. 
504 |a Includes bibliographies and indexes. 
650 0 |a Environmental chemistry  |v Congresses. 
650 0 |a Sewage  |x Purification  |v Congresses. 
650 0 |a Pollutants  |x Environmental aspects  |x Congresses. 
650 0 |a Fossil fuels  |x Environmental aspects  |x Congresses. 
700 1 |a Pawłowski, Łucjan. 
700 1 |a Alaerts, G.  |q (Guy) 
700 1 |a Lacy, W. J.  |q (William J.) 
710 1 |a United States.  |b Environmental Protection Agency. 
830 0 |a Studies in environmental science ;  |v 29. 
999 |a MARS 
999 f f |s 017bd506-f316-3c45-a7d4-fcd2b7b61085  |i b9277d72-ddee-3e5d-8c39-b16e34a0e909  |t 0 
952 f f |p ric  |a Texas A&M University  |b Rellis Campus  |c Joint Library Facility  |d Remote Storage  |t 0  |e TD193 .C48 1986  |h Library of Congress classification  |i unmediated -- volume  |m A14809639455 
998 f f |a TD193 .C48 1986  |t 0  |l Remote Storage